Countries on the same longitude as Manchester - Statistics

General Stats
  • This quiz has been taken 70 times
  • The average score is 7 of 8
Answers on the Map
Answers color-coded by a green-red scale on the quiz's map according to % correct below.
 
Answer Stats
Answer % Correct
France
100%
Spain
98%
Algeria
97%
Ghana
92%
Morocco
92%
Mali
89%
Burkina Faso
84%
United Kingdom
84%
No matching quizzes found
Score Distribution
Percent of People with Each Score
Percentile by Number Answered
Your Score History
You have not taken this quiz